| 000 | 00417pab a2200157 454500 | ||
|---|---|---|---|
| 008 | 180718b1974 xxu||||| |||| 00| 0 eng d | ||
| 100 | _aJain, R.B. | ||
| 245 | _aPoliticization of bureaucracy: A framework for comparative measurement | ||
| 260 | _c1974 | ||
| 300 | _ap.790-810. | ||
| 362 | _aOct-Dec | ||
| 650 | _aBureaucracy | ||
| 773 | _aIndian Journal of Public Administration | ||
| 908 | _aN | ||
| 909 | _a99899 | ||
| 999 |
_c99898 _d99898 |
||